Os primeiros 20 números de Fibonacci - Statistics

Estatísticas Gerais
  • Esse quiz foi jogado 54 vezes
  • A pontuação média é 15 de 21
Estatísticas das Respostas
Hint Resposta % Correto
F(0) 0
100%
F(1) 1
100%
F(2) 1
97%
F(3) 2
97%
F(4) 3
97%
F(5) 5
95%
F(6) 8
95%
F(7) 13
86%
F(8) 21
81%
F(9) 34
76%
F(10) 55
76%
F(11) 89
73%
F(12) 144
70%
F(13) 233
62%
F(14) 377
62%
F(15) 610
54%
F(16) 987
54%
F(17) 1597
46%
F(18) 2584
35%
F(19) 4181
16%
F(20) 6765
11%
Nenhum quiz correspondente encontrado
Distribuição das Pontuações
Porcentagem de Pessoas com Cada Pontuação
Percentil de Números Respondidos
Sua Pontuação Histórica
Você não jogou esse quiz